Normal view
MARC view
- Hess, Kären M.,
Entry Personal Name
001 - CONTROL NUMBER
- control field: 128539
003 - CONTROL NUMBER IDENTIFIER
- control field: NUST
005 - DATE AND TIME OF LATEST TRANSACTION
- control field: 20250327121344.0
008 - FIXED-LENGTH DATA ELEMENTS
- fixed length control field: 250327|| aca||aabn | a|a d
040 ## - CATALOGING SOURCE
- Original cataloging agency: NUST
- Transcribing agency: NUST
100 ## - HEADING--PERSONAL NAME
- Personal name: Hess, Kären M.,
- Dates associated with a name: 1939-
670 ## - SOURCE DATA FOUND
- Source citation: Work cat.: (NUST)0: Hess, Kären M., 1939-, Introduction to law enforcement and criminal justice /
